|
|
|
|
| LEADER |
03262nam a2200589 i 4500 |
| 001 |
mzk03001258094 |
| 003 |
CZ BrMZK |
| 005 |
20190109142426.0 |
| 007 |
ta |
| 008 |
190109s1812 au f fr|||||00| ||gerod |
| 040 |
|
|
|a BOA001
|b cze
|e rda
|
| 045 |
|
|
|a s-w-
|
| 072 |
|
7 |
|a 94(100)
|x Světové dějiny
|2 Konspekt
|9 8
|
| 072 |
|
7 |
|a 094
|x Staré tisky
|2 Konspekt
|9 12
|
| 080 |
|
|
|a 94(100)
|2 MRF
|
| 080 |
|
|
|a 025.171
|2 MRF
|
| 080 |
|
|
|a (0.068)094
|2 MRF
|
| 100 |
1 |
|
|a Genersich, Johann,
|d 1761-1823
|7 mzk2002140054
|4 aut
|
| 245 |
1 |
0 |
|a Kurze allgemeine Weltgeschichte.
|n Driter Band.
|p Neuere Geschichte /
|c Nach Beck, Eichhorn und J. B. Schütz, mit vorzüglicher Rücksicht auf Studierende bearbeitet von dem Professor Johann Genersich
|
| 246 |
3 |
8 |
|a Genersich allgemeine Weltgeschichte 3.
|
| 264 |
|
1 |
|a Wien :
|b Im Verlage bey Anton Doll,
|c [1812]
|
| 300 |
|
|
|a 2 nečíslované strany, 695 stran, 1 nečíslovaná příloha ;
|c 8°
|
| 336 |
|
|
|a text
|b txt
|2 rdacontent
|
| 337 |
|
|
|a bez média
|b n
|2 rdamedia
|
| 338 |
|
|
|a svazek
|b nc
|2 rdacarrier
|
| 500 |
|
|
|a Rozsah: [2], 695 s., [1] příl.
|
| 500 |
|
|
|a Výzdoba: Mědirytinový frontispis s vyobrazením dobytí Bastily (Stürmung der Bastille beym Ausbruche der französ. Revolution), na titulním listu nad impresem ozdobné linky, vnitřní titulní list, linky
|
| 500 |
|
|
|a Na hřbetě nalepený štítek se signaturou XXII. E. β. 23
|
| 561 |
|
|
|a Provenience: [supralibros] I.N.R. [Johann Nepomuk Rotter]
|
| 561 |
|
|
|a Provenience: [m.p.] Monasterii Braunensis O. S. B.
|
| 561 |
|
|
|a Provenience: [razítko] S.A.B. BRAUNAU
|
| 561 |
|
|
|a Provenience: [razítko] SVK HK/1301
|
| 563 |
|
|
|a Původní polousňová vazba, lepenkové desky polepené mramorovaným papírem, na přední a knižní desce zlacené supralibros Johanna Nepomuka Rottera (V barokní kartuši alianční znak břevnovského kláštera, heraldicky v pravém černém štítu kosmo položené břevno se třemi suky, v heraldicky červeném zlatém štítu šikmo tři zlatá břevna, v prostředním tři růže (1,1,1). Nad štíty položená ozdobná kartuše s iniciálami I.N.R., na kartuši položená mitra, z pravé i levé strany podložená opatskou berlou. Pod štíty položená ozdobná kartuše s iniciálami A.B.B.), rohy a hřbet usní, potažené hovězinou, ořízka stříkaná zeleně, hřbet zdobený zlacenými florálními motivy, na hřbetě zlacený nápisový štítek
|
| 648 |
|
7 |
|a 5.-19. století
|7 ch757038
|2 czenas
|
| 650 |
|
7 |
|a světové dějiny
|y 15.-19. století
|7 ph117271
|2 czenas
|
| 650 |
|
7 |
|a historické knihovní fondy
|7 ph172933
|2 czenas
|
| 655 |
|
7 |
|a staré tisky
|7 fd422076
|2 czenas
|
| 700 |
1 |
|
|a Schütz, Joseph Baptist
|7 pna2011648299
|4 ant
|
| 700 |
1 |
|
|a Beck
|4 ant
|
| 700 |
1 |
|
|a Eichhorn
|4 ant
|
| 740 |
0 |
2 |
|a Kurze allgemeine Weltgeschichte. Dritter Band
|
| 910 |
|
|
|a NAG950
|b B - XXII. E. bb. 23,3
|
| 978 |
|
|
|b Doll, Anton
|a Wien
|c 1812
|
| 978 |
|
|
|b Sammer, Rudolf
|a Wien
|c 1812
|
| 981 |
1 |
|
|a Rotter, Jan Ignác,
|d 1807-1886
|7 jo2015873814
|
| 982 |
0 |
|
|a Broumov - benediktinský klášter
|
| 982 |
0 |
|
|a Hradec Králové - SVK
|
| 984 |
|
|
|a Vídeň
|b Rakousko
|
| 985 |
|
|
|a 1801-1850
|
| 990 |
|
|
|a BK
|
| 991 |
|
|
|k broumov
|
| 980 |
|
|
|c 003218
|g B - XXII. E. bb. 23,3
|1 458950003218
|